<?xml version="1.0" encoding="UTF-8"?>
<record
    xmlns:xsi="http://www.w3.org/2001/XMLSchema-instance"
    xsi:schemaLocation="http://www.loc.gov/MARC21/slim http://www.loc.gov/standards/marcxml/schema/MARC21slim.xsd"
    xmlns="http://www.loc.gov/MARC21/slim">

  <leader>01626nam0a22003731  4500</leader>
  <controlfield tag="001">rc\115289</controlfield>
  <controlfield tag="005">20250630120329.0</controlfield>
  <datafield tag="010" ind1=" " ind2=" ">
    <subfield code="a">5-7245-0782-X</subfield>
    <subfield code="9">100000</subfield>
  </datafield>
  <datafield tag="035" ind1=" " ind2=" ">
    <subfield code="a">(NLR Aleph) 005374386</subfield>
  </datafield>
  <datafield tag="090" ind1=" " ind2=" ">
    <subfield code="a">7033931</subfield>
    <subfield code="c">7033931</subfield>
  </datafield>
  <datafield tag="100" ind1=" " ind2=" ">
    <subfield code="a">20021216d1991    |||y0rusy50      ca</subfield>
  </datafield>
  <datafield tag="101" ind1="0" ind2=" ">
    <subfield code="a">rus</subfield>
  </datafield>
  <datafield tag="102" ind1=" " ind2=" ">
    <subfield code="a">RU</subfield>
  </datafield>
  <datafield tag="105" ind1=" " ind2=" ">
    <subfield code="a">a   |||||||||</subfield>
  </datafield>
  <datafield tag="200" ind1="1" ind2=" ">
    <subfield code="a">&#x422;&#x435;&#x430;&#x442;&#x440; &#x442;&#x435;&#x43D;&#x435;&#x439;</subfield>
    <subfield code="e">&#x421;&#x431;. &#x437;&#x430;&#x440;&#x443;&#x431;&#x435;&#x436;. &#x444;&#x430;&#x43D;&#x442;&#x430;&#x441;&#x442;.</subfield>
    <subfield code="e">[&#x41F;&#x435;&#x440;&#x435;&#x432;&#x43E;&#x434;</subfield>
    <subfield code="f">&#x421;&#x43E;&#x441;&#x442;. &#x41C;.&#x410;. &#x41F;&#x430;&#x441;&#x441;&#x435;&#x442;</subfield>
    <subfield code="g">&#x425;&#x443;&#x434;&#x43E;&#x436;. &#x415;.&#x410;. &#x41C;&#x443;&#x440;&#x435;&#x442;&#x43E;&#x432;]</subfield>
  </datafield>
  <datafield tag="210" ind1=" " ind2=" ">
    <subfield code="a">&#x41B;.</subfield>
    <subfield code="c">&#x425;&#x438;&#x43C;&#x438;&#x44F;. &#x41B;&#x435;&#x43D;&#x438;&#x43D;&#x433;&#x440;. &#x43E;&#x442;&#x434;-&#x43D;&#x438;&#x435;</subfield>
    <subfield code="d">1991</subfield>
  </datafield>
  <datafield tag="215" ind1=" " ind2=" ">
    <subfield code="a">396, [2] &#x441;.</subfield>
    <subfield code="c">&#x438;&#x43B;.</subfield>
    <subfield code="d">22</subfield>
  </datafield>
  <datafield tag="327" ind1="1" ind2=" ">
    <subfield code="a">&#x421;&#x43E;&#x434;&#x435;&#x440;&#x436;.: &#x410;&#x432;&#x442;.: &#x410;. &#x410;&#x437;&#x438;&#x43C;&#x43E;&#x432;, &#x41F;.&#x421;. &#x411;&#x438;&#x433;&#x43B;, &#x420;. &#x411;&#x440;&#x44D;&#x434;&#x431;&#x435;&#x440;&#x438;, &#x41F;. &#x411;&#x443;&#x43B;&#x44C;, &#x410;. &#x41A;&#x43B;&#x430;&#x440;&#x43A;, &#x41A;&#x43E;&#x431;&#x43E; &#x410;&#x431;&#x44D;, &#x414;&#x436;. &#x41F;&#x440;&#x438;&#x441;&#x442;&#x43B;&#x438;, &#x41A;. &#x421;&#x430;&#x439;&#x43C;&#x430;&#x43A;, &#x423;. &#x421;&#x430;&#x440;&#x43E;&#x44F;&#x43D;</subfield>
  </datafield>
  <datafield tag="464" ind1=" " ind2="0">
    <subfield code="1">700#1$a&#x410;&#x437;&#x438;&#x43C;&#x43E;&#x432;$b&#x410;.</subfield>
    <subfield code="a">&#x410;&#x437;&#x438;&#x43C;&#x43E;&#x432;, &#x410;.</subfield>
  </datafield>
  <datafield tag="464" ind1=" " ind2="0">
    <subfield code="1">700#1$a&#x411;&#x438;&#x433;&#x43B;$b&#x41F;.&#x421;.</subfield>
    <subfield code="a">&#x411;&#x438;&#x433;&#x43B;, &#x41F;.&#x421;.</subfield>
  </datafield>
  <datafield tag="464" ind1=" " ind2="0">
    <subfield code="1">700#1$a&#x411;&#x440;&#x44D;&#x434;&#x431;&#x435;&#x440;&#x438;$b&#x420;.</subfield>
    <subfield code="a">&#x411;&#x440;&#x44D;&#x434;&#x431;&#x435;&#x440;&#x438;, &#x420;.</subfield>
  </datafield>
  <datafield tag="464" ind1=" " ind2="0">
    <subfield code="1">700#1$3RU\NLR\AUTH\770144502$a&#x411;&#x443;&#x43B;&#x44C;$b&#x41F;.$f1912-1994$g&#x41F;&#x44C;&#x435;&#x440;</subfield>
    <subfield code="a">&#x411;&#x443;&#x43B;&#x44C;, &#x41F;&#x44C;&#x435;&#x440; (1912-1994)</subfield>
  </datafield>
  <datafield tag="464" ind1=" " ind2="0">
    <subfield code="1">700#1$a&#x41A;&#x43B;&#x430;&#x440;&#x43A;$b&#x410;.</subfield>
    <subfield code="a">&#x41A;&#x43B;&#x430;&#x440;&#x43A;, &#x410;.</subfield>
  </datafield>
  <datafield tag="464" ind1=" " ind2="0">
    <subfield code="1">700#1$a&#x410;&#x431;&#x44D;$b&#x41A;.$g&#x41A;&#x43E;&#x431;&#x43E;</subfield>
    <subfield code="a">&#x410;&#x431;&#x44D;, &#x41A;&#x43E;&#x431;&#x43E;</subfield>
  </datafield>
  <datafield tag="464" ind1=" " ind2="0">
    <subfield code="1">700#1$a&#x41F;&#x440;&#x438;&#x441;&#x442;&#x43B;&#x438;$b&#x414;.$g&#x414;&#x436;.</subfield>
    <subfield code="a">&#x41F;&#x440;&#x438;&#x441;&#x442;&#x43B;&#x438;, &#x414;&#x436;.</subfield>
  </datafield>
  <datafield tag="464" ind1=" " ind2="0">
    <subfield code="1">700#1$a&#x421;&#x430;&#x439;&#x43C;&#x430;&#x43A;$b&#x41A;.</subfield>
    <subfield code="a">&#x421;&#x430;&#x439;&#x43C;&#x430;&#x43A;, &#x41A;.</subfield>
  </datafield>
  <datafield tag="464" ind1=" " ind2="0">
    <subfield code="1">700#1$a&#x421;&#x430;&#x440;&#x43E;&#x44F;&#x43D;$b&#x423;.</subfield>
    <subfield code="a">&#x421;&#x430;&#x440;&#x43E;&#x44F;&#x43D;, &#x423;.</subfield>
  </datafield>
  <datafield tag="702" ind1=" " ind2="1">
    <subfield code="a">&#x41F;&#x430;&#x441;&#x441;&#x435;&#x442;</subfield>
    <subfield code="b">&#x41C;.&#x410;.</subfield>
    <subfield code="g">&#x41C;&#x430;&#x440;&#x438;&#x43D;&#x430; &#x410;&#x43D;&#x434;&#x440;&#x435;&#x435;&#x432;&#x43D;&#x430;</subfield>
    <subfield code="4">220</subfield>
  </datafield>
  <datafield tag="801" ind1=" " ind2="0">
    <subfield code="a">RU</subfield>
    <subfield code="b">NLR</subfield>
    <subfield code="g">psbo</subfield>
  </datafield>
  <datafield tag="801" ind1=" " ind2="1">
    <subfield code="a">RU</subfield>
    <subfield code="b">ELAR</subfield>
    <subfield code="2">rusmarc</subfield>
  </datafield>
  <datafield tag="852" ind1=" " ind2=" ">
    <subfield code="a">NLR</subfield>
    <subfield code="j">91-3/3204</subfield>
  </datafield>
  <datafield tag="942" ind1=" " ind2=" ">
    <subfield code="c">BOOK</subfield>
  </datafield>
  <datafield tag="980" ind1=" " ind2=" ">
    <subfield code="a">NB</subfield>
  </datafield>
  <datafield tag="995" ind1=" " ind2=" ">
    <subfield code="5">2013-10-26</subfield>
    <subfield code="b">NLR01</subfield>
    <subfield code="c">NLR01</subfield>
    <subfield code="e">RF9</subfield>
    <subfield code="f">5374386-10</subfield>
    <subfield code="k">91-3/3204</subfield>
    <subfield code="o">0</subfield>
    <subfield code="r">BOOK</subfield>
    <subfield code="s">9133204_</subfield>
  </datafield>
  <datafield tag="995" ind1=" " ind2=" ">
    <subfield code="5">2015-09-19</subfield>
    <subfield code="a">au</subfield>
    <subfield code="b">NLR03</subfield>
    <subfield code="c">NLR03</subfield>
    <subfield code="e">UJZ</subfield>
    <subfield code="f">1-1004379</subfield>
    <subfield code="k">&#x42E; &#x418;/&#x422;-29</subfield>
    <subfield code="o">0</subfield>
    <subfield code="p">6.00</subfield>
    <subfield code="r">BOOK</subfield>
    <subfield code="s">_29</subfield>
  </datafield>
</record>
